| 000 | 00405nam a22001457a 4500 | ||
|---|---|---|---|
| 020 | _a9789332518773 | ||
| 040 | _cNUST | ||
| 082 | _a005.82 STA | ||
| 100 | _aStallings, William | ||
| 245 |
_aCryptography and Network Security: _bPrinciples and Practice |
||
| 250 | _a6th Edition | ||
| 260 |
_aIndia: _bPearson Education, _c2016. |
||
| 650 |
_aCryptography and Network Security _991956 |
||
| 942 |
_2ddc _cBK |
||
| 999 |
_c590068 _d590068 |
||